Nové infekčné oddelenie košickej nemocnice už pod strechou štátna nemocnica hlási

Bibliographic Details
Main Author: red (Author)
Format: Article
Language:Slovak
Subjects:

MARC

LEADER 00000nab a2200000u 4500
001 vtls012244529
003 SK-MaSNL
005 20260303210808.0
008 231122|19471015xo ||||||| ||00 ||slo|
038 |a KEVKJB 
040 |a KEVKJB  |b slo  |e rda 
041 0 |a slo 
043 |a e-xo--- 
044 |a xo  |c SK 
072 7 |a 614  |x Verejné zdravie a hygiena  |2 konspekt 
080 |a 614.21  |2 2011 
100 1 |a red.  |4 aut  |9 848321 
245 1 0 |a Nové infekčné oddelenie košickej nemocnice už pod strechou  |b štátna nemocnica hlási  |c [autor] red. 
336 |a text  |b txt  |2 rdacontent 
337 |a bez média  |b n  |2 rdamedia 
338 |a zväzok  |b nc  |2 rdacarrier 
610 2 7 |a Štátna nemocnica (Košice, Slovensko)  |2 SNKKA  |9 204695 
650 0 7 |a nemocnice  |2 SNKPH  |9 3008 
651 7 |a Košice (Slovensko)  |2 SNKPHgeo  |9 18694 
773 0 |t Východoslovenská Pravda  |g Roč. 3, č. 238 (15.10.1947), s. 3 
852 |a KEVKJB  |b KIS3GCP 
958 |a MI 
999 |c 2201784  |d 2203714